Lenguaje y literatura
Guardat en:
| Autor principal: | |
|---|---|
| Format: | Llibre |
| Idioma: | espanyol |
| Publicat: |
Barcelona
Octaedro
1995
|
| Col·lecció: | Lenguaje y Comunicación
|
| Matèries: | |
| Etiquetes: |
Afegir etiqueta
Sense etiquetes, Sigues el primer a etiquetar aquest registre!
|
MARC
| LEADER | 00000nam a2200000 a 4500 | ||
|---|---|---|---|
| 001 | UCT8356 | ||
| 003 | CL-VaPUC | ||
| 008 | 970326e19950000SP |||||||||||||||||spa|d | ||
| 082 | 0 | 4 | |a 410 |b WAH |2 21 |
| 100 | 0 | |a Wahnón, Sultana |e author |9 380056 | |
| 245 | 1 | 0 | |a Lenguaje y literatura |
| 300 | |a 127 p | ||
| 942 | |c BK | ||
| 945 | |d 19970326 00:00:00 |a nastorga | ||
| 260 | |a Barcelona |b Octaedro |c 1995 | ||
| 650 | 0 | |a Lingüística |9 265068 | |
| 650 | 0 | |a Lenguaje |9 265069 | |
| 650 | 0 | |a Literatura |9 259151 | |
| 650 | 0 | |a Escritura |9 264941 | |
| 650 | 0 | |a Sociedad |9 307903 | |
| 650 | 7 | |a TRADICION |2 CL-VaPUC |9 375988 | |
| 650 | 0 | |a Manuscritos |9 313680 | |
| 583 | |a last modification |c 19970326 00:00:00 |k Rodrigo Vera | ||
| 490 | 0 | |a Lenguaje y Comunicación | |
| 999 | |c 256865 |d 256863 | ||
| 952 | |0 0 |1 0 |4 0 |6 410_000000000000000_WAH_1995 |7 0 |8 A |9 279909 |a FDOPOS |b FDOPOS |d 2019-11-19 |i 3294641 |o 410 WAH 1995 |p 3294641 |r 2025-01-22 |w 2019-11-19 |y BK |k MLA | ||